000 00631cab a2200205 4500
001 ABS42337
008 090401t1990 xxu||||| |||| 00| 0 eng d
035 _a(Sirsi) u36268
041 _aeng
100 _aBar-Hillel, Mira
245 _aCivic sell-offs
260 _c1990
350 _a0
490 _aChartered Surveyor Weekly
_v30(9) 1 March 1990, 31; 30(11) 15 March 1990, 35
520 _aInvestigates reactions to the District Auditors report on Westminster Council s sale of cemeteries for a few pence.
650 _aLOCAL GOVERNMENT ACT 1972
690 _aECONOMIC AND SOCIAL
942 _n0
948 _c04/03/1997
999 _c23612
_d23612